| 000 | 00562nam a2200169 a 4500 | ||
|---|---|---|---|
| 005 | 20210223124850.0 | ||
| 008 | 030312s1983 mx r 000 0 spa d | ||
| 035 | _aUPN01000122794 | ||
| 049 | _aCG | ||
| 050 | 4 |
_aF1232 _bM6.23 |
|
| 100 | 1 | _aMora y Villamil, Ignacio de | |
| 245 | 1 | 4 |
_aLas defensas de México en 1824 / _cpor Ignacio de Mora y Villamil ; transcripción y notas de W. Michael Mathes. |
| 260 |
_aMonterrey : _bUANL, _c1983. |
||
| 300 |
_a49 p. : _bil. + apéndice |
||
| 651 | 4 |
_aMEXICO - _xHISTORIA - _yFEDERALISMO, 1824-1835 _924435 |
|
| 905 | _aLibro | ||
| 999 |
_c94977 _d94977 |
||